| 000 | 01139nam a2200229Ia 4500 | ||
|---|---|---|---|
| 003 | Ost | ||
| 005 | 20260507075352.0 | ||
| 008 | 260507s9999||||xx |||||||||||||| ||und|| | ||
| 020 | _a380663995797 | ||
| 040 | _cfsecg | ||
| 041 | _aara | ||
| 082 | _a330 | ||
| 100 |
_aالوادي، محمود حسين _eمؤلف |
||
| 245 | 0 |
_aالإقتصاد الاداري / _c محمود حسين الوادي |
|
| 260 |
_aعمان: _bدار المسيرة للنشر والتوزيع, _c2010 |
||
| 300 |
_a295 صفحة؛ _bإيضاحات ؛ _c24 سم |
||
| 520 | _aمقدمة عن الاقتصاد الاداري- تحليل الطلب والايرادات- نظرية المنشأة- نظرية الانتاج- تحليل تكاليف الانتاج والعرض- سياسات التسعير وقرارات الانتاج- تحليل الارباح والقرارات الادارية- التركيز والاندماج والتكامل بين المشروعات | ||
| 653 | _aإدارة الأعمال | ||
| 653 | _aالإقتصاد | ||
| 700 |
_aيامين، اسماعيل يونس وآخرون _eمؤلف ثانوي |
||
| 942 | _cكتاب | ||
| 999 |
_c44151 _d44151 |
||